000 00738nam a2200229 a 4500
001 000038455
005 20260120073951.0
008 090903s1999 dr a 000 0 spa d
040 _aDO-SdBNP
_bspa
_cBNPHU
082 _a242.2
_bE77
100 1 _aEspinal, Rafael,
_d1956
_919051
245 1 3 _aEl odio enferma :
_bel perdón sana /
_cRafael Espinal ; prólogo Milcíades Florentino.
260 _aSanto Domingo, :
_bImprefesa,
_c1999.
300 _a117 p. :
_bil ;
_c21 cm.
500 _aIncluye datos biográficos
650 4 _aMeditación
_9687
650 0 _aVida espiritual
_9268
650 4 _aOdio
_919052
650 4 _aPerdon
_xMeditaciones
_919053
650 4 _aExperiencia religiosa
_96844
700 1 _aFlorentino, Milcíades
_919054
999 _c37945
_d37945